| 000 | 00647cam a22002293a 4500 | ||
|---|---|---|---|
| 001 | 11587 | ||
| 003 | PGUSA | ||
| 005 | 20140828083238.0 | ||
| 008 | 040301s2004||||xxu|||||s|||||000 | eng d | ||
| 040 |
_aPGUSA _beng |
||
| 042 | _adc | ||
| 050 | 4 | _aSD | |
| 100 | 1 |
_aPack, Charles Lathrop, _d1857-1937 |
|
| 245 | 1 | 4 |
_aThe School Book of Forestry _h[electronic resource] / _cCharles Lathrop Pack |
| 260 |
_bProject Gutenberg, _c2004 |
||
| 506 | _aPublic domain in the USA. | ||
| 516 | _aElectronic text | ||
| 653 | _aForests and forestry | ||
| 830 | 0 |
_aProject Gutenberg _v11587 |
|
| 856 | 4 | 0 | _uhttp://www.gutenberg.org/ebooks/11587 |
| 942 | _cEB | ||
| 999 |
_c240842 _d240842 |
||